| 000 | 00822nac a22002171u 4500 | ||
|---|---|---|---|
| 010 | _a 80025135 | ||
| 020 | _a082990400X : | ||
| 082 | 0 | 0 |
_a658.15 _bM9383 |
| 090 |
_c4216 _d4216 |
||
| 100 | _aMoyer, R. Charles, | ||
| 245 | 1 | 0 |
_aContemporary financial management / _cR. Charles Moyer, James R. McGuigan, William J. Kretlow. |
| 260 |
_aSt. Paul : _bWest Pub. Co., _cc1981. |
||
| 300 |
_axxxi, 649 p. : _bill. ; _c26 cm. |
||
| 504 | _aIncludes bibliographies and indexes. | ||
| 650 | 0 |
_aCorporations _xFinance. |
|
| 650 | 0 |
_aBusiness enterprises _xFinance. |
|
| 700 | 1 | _aMcGuigan, James R., | |
| 700 | 1 | _aKretlow, William J., | |
| 942 |
_cBB _k658.15M9383 |
||
| 999 |
_c4216 _d4216 |
||